000 00822nam a2200277Ia 4500
003 OSt
005 20240416155529.0
008 210210b2012 xxu||||| |||| 00| 0 eng d
020 _a9789380417608
040 _cAL
041 _aHindi
082 _aH891.9 PATA
100 _aPATEL (Bharath)
_dभारत पटेल
_9160804
245 _aAdhunik hindI sahity ki pravrattiyam
_bआधुनिक हिंदी साहित्य की प्रवृत्तियां
260 _aKanpur
_bAman Prakashan
_c2012
300 _a127
650 _asAhity
_9160805
650 _apravrattiyam
_9160806
650 _akI
_9160807
650 _ahindI
_9160808
650 _aAdhunik kAl
_9160809
650 _aAdhunik
_9160810
690 _aHindi Criticism
_9160811
906 _a067390
942 _2ddc
_cBK
999 _c150760
_d150760